Skryté kódy a velkolepé projekty : tajné jazyky od starověku po současnost /

Hlavní autor: Berloquin, Pierre, 1939-
Jazyk: Čeština
Vydáno: Praha : Knižní klub, 2011
Vydání: Vyd. 1.
Edice: Universum (Knižní klub)
Témata:
Fyzický popis: 375 s. : il. ; 24 cm
Knihy
Uloženo v:
LEADER 02713nam a2200733 a 4500
001 nkc20112175371
003 CZ PrNK
005 20121207110705.0
007 ta
008 110316s2011 xr a e 001 0 cze
015 |a cnb002175371 
020 |a 978-80-242-2847-1  |q (váz.) 
035 |a (OCoLC)730408087 
040 |a BOA001  |b cze 
041 1 |a cze  |h eng 
072 7 |a 003  |x Systémy psaní a písma. Sémiotika (obecně)  |2 Konspekt  |9 11 
080 |a 003.29  |2 MRF 
080 |a 003.26  |2 MRF 
080 |a 003.62  |2 MRF 
080 |a 165.212  |2 MRF 
080 |a 81'276.4  |2 MRF 
080 |a 81'27/'28  |2 MRF 
080 |a 316.772.2  |2 MRF 
080 |a 81-112  |2 MRF 
080 |a 81'27  |2 MRF 
080 |a (0:82-96)  |2 MRF 
100 1 |a Berloquin, Pierre,  |d 1939-  |7 xx0133237  |4 aut 
245 1 0 |a Skryté kódy a velkolepé projekty :  |b tajné jazyky od starověku po současnost /  |c Pierre Berloquin ; [z anglického originálu ... přeložil Zdík Dušek] 
246 3 0 |a Tajné jazyky od starověku po současnost 
250 |a Vyd. 1. 
260 |a Praha :  |b Knižní klub,  |c 2011 
300 |a 375 s. :  |b il. ;  |c 24 cm 
490 1 |a Universum 
504 |a Obsahuje bibliografii a rejstřík 
650 0 7 |a kódování  |7 ph122078  |x dějiny  |2 czenas 
650 0 7 |a kryptografie  |7 ph127774  |x dějiny  |2 czenas 
650 0 7 |a šifrování  |7 ph127801  |x dějiny  |2 czenas 
650 0 7 |a symboly  |7 ph126351  |x dějiny  |2 czenas 
650 0 7 |a tajné jazyky  |7 ph640195  |x dějiny  |2 czenas 
650 0 7 |a variety jazyka  |7 ph126995  |2 czenas 
650 0 7 |a nonverbální komunikace  |7 ph115459  |x dějiny  |2 czenas 
650 0 7 |a sociolingvistika  |7 ph125749  |2 czenas 
650 0 7 |a historická lingvistika  |7 ph117201  |2 czenas 
650 0 9 |a coding  |x history  |2 eczenas 
650 0 9 |a cryptography  |x history  |2 eczenas 
650 0 9 |a data encryption  |x history  |2 eczenas 
650 0 9 |a symbols  |x history  |2 eczenas 
650 0 9 |a secret languages  |x history  |2 eczenas 
650 0 9 |a variety of language  |2 eczenas 
650 0 9 |a nonverbal communication  |x history  |2 eczenas 
650 0 9 |a sociolinguistics  |2 eczenas 
650 0 9 |a historical linguistics  |2 eczenas 
653 0 |a tajné jazyky 
655 7 |a literatura faktu  |7 fd132773  |2 czenas 
655 9 |a non-fiction  |2 eczenas 
765 0 |t Hidden codes & grand designes  |9 Česky 
830 0 |a Universum (Knižní klub)  |0 s 
910 2 |a BOA001  |b 2-1264.443 
928 9 |a Euromedia Group - Knižní klub 
990 |a BK 
995 |a 01 
991 |b 201104  |c NOV  |j 002/003 BER  |e n 
996 6 |b 2610473984  |c 2-1264.443  |l MZK  |r HSS 4p  |n 0  |p p.v.  |h 002/003 BER  |w 001173918  |u 000010  |a 0  |e BOA001  |j MZK50  |s P 
996 6 |b 2610533646  |c 2-1264.443  |l MZK  |r Sklad / do 1 hodiny  |n 2  |p kup  |w 001173918  |u 000020  |a 1  |e BOA001  |j MZK50  |s P